Представление документа в формате RUSMARC

ПолеНазваниеЗначение
  Тип записи a
  Библиографический уровень a
001 Контрольный номер 6ca07b98c40d408ca3731811202289af
005 Дата корректировки 20250330094545.1
100 Данные общей обработки __
a Данные общей обработки 20250115 ||| 0rusy0189 ca
101 Язык документа 0_
a Язык текста rus
102 Страна публикации __
a Страна публикации RU
200 Заглавие и сведения об ответственности 1_
a Заглавие Анна Билецкая: "Нужно "гореть" своим делом"
e Сведения, относящиеся к заглавию [интервью с мастером художественной ковки А. Билецкой о профессии кузнеца]
461 Уровень набора _0
1 2000
a Маруся
463 Уровень физической единицы _0
1 2000
a № 12 (380)
v С. 27-29 : фот., ил.
1 2101
d 2024
1 0018dae320e58bf4214abe8218c6d6448ad
600 Персоналии _1
a Персоналии (Фамилия) Билецкая
g Полное имя Анна
606 Тематические рубрики 0_
a Основная рубрика Декоративно-прикладное искусство
y Географическая подрубрика Россия
610 Ключевые слова 0_
a Ключевые слова кузнечное дело, художественная ковка, мастера художественной ковки, женщины-кузнецы, знаменитые кузнецы, Музей истории и кузнечного ремесла Анны Билецкой, кузнечное ремесло, Музей кузнечного дела, кузнецы России
686 Индексы других классификаций __
a Классификационный индекс 85.12
801 Источник записи _0
a Страна RU
b Организация УОБДЮ
c Дата составления 20250115
g Правила каталогизации RCR
801 Источник записи _1
a Страна RU
b Организация УОБДЮ
c Дата составления 20250115
g Правила каталогизации RCR
901 Тип документа __
t Тип документа b
w Контрольный № источника 8dae320e58bf4214abe8218c6d6448ad
905 Данные по созданию БЗ __
b Логин пользователя, который создал БЗ ibo10